00264nam a2200097Ia 4500008004100000100001300041245005800054250000800112260003700120300000900157191201s2018 xx 000 0 und d aJAIN, ML 0aElements of Mathematical Foundations For BCA-11nd sem aRep c2018bJeevansons Pub.aNEW DELHI aMisc